000
00251nam a2200085Ia 4500
245
0
_a
Emotions, Social Transformation and Education
100
_a
Delport, Alette Pretoria, 2009
_9
86336
942
_c
BK
008
210817s9999 xx 000 0 und d
999
_c
329461
_d
329460